00418 2200169 4500245006100000020002200061250001100083700001800094650001200112650001200124005001900136260003700155041001400192084000800206300002500214336000900239 aSukarno Paradoks Revolusi IndonesiacArif ZulkiflihText a978-602-481-759-6 aCet.10 aArif Zulkifli aSukarno aSejarah a20241015141758 aBogorbGrafika Mardi Yuanac2022 aIndonesia a923 ax, 124 hlm. :cilus. atext